[Event "Plunge op-A 43rd"]
[White "Narmontas, Algirdas"]
[Black "Maurutyte, Laura"]
[Site "Plateliai"]
[Round "8"]
[Result "0-1"]
[Date "2024.07.20"]
[WhiteElo "1580"]
[BlackElo "1592"]
[PlyCount "98"]
[EventDate "2024.07.15"]
[EventType "swiss"]
[EventRounds "9"]
[EventCountry "LTU"]
[SourceTitle "CBM 221 Extra"]
[Source "ChessBase"]
[SourceDate "2024.09.30"]
[SourceVersion "1"]
[SourceVersionDate "2024.09.30"]
[SourceQuality "1"]

1. e4 e6 2. Nf3 c5 3. Bc4 d5 4. exd5 exd5 5. Qe2+ Be7 6. Bb5+ Bd7 7. 0-0 Nc6 8. d4 c4 9. Bg5 Be6 10. Bxc6+ bxc6 11. Bxe7 Qxe7 12. Ne5 c5 13. c3 Nf6 14. Nd2 0-0 15. Rfe1 Qb7 16. Nf1 Rab8 17. Reb1 Bf5 18. Re1 Qxb2 19. Nc6 Qxe2 20. Rxe2 Bd3 21. Re7 Rb2 22. Nxa7 cxd4 23. cxd4 c3 24. Ree1 Ne4 25. f3 Nd2 26. Ne3 c2 27. Nxc2 Rxc2 28. Re3 Bf5 29. Nb5 Bd7 30. Nc3 Nc4 31. Rd3 Bf5 32. Ne4 dxe4 33. Rb3 exf3 34. gxf3 h6 35. a4 Ra8 36. d5 Bd7 37. Rb4 Na5 38. Re4 Kf8 39. Rae1 Rd2 40. Re5 f6 41. Rh5 Be8 42. Rf5 Bg6 43. Rf4 Rxd5 44. Rc1 Rd7 45. Rg4 Bh5 46. Rf4 Be8 47. Rb1 Rda7 48. Rc1 Nc6 49. Rcc4 Ne5 0-1

[Event "Plunge op-A 43rd"]
[White "Praspaliauskas, Matas"]
[Black "Maurutyte, Laura"]
[Site "Plateliai"]
[Round "5"]
[Result "1-0"]
[Date "2024.07.18"]
[WhiteElo "1763"]
[BlackElo "1592"]
[PlyCount "59"]
[EventDate "2024.07.15"]
[EventType "swiss"]
[EventRounds "9"]
[EventCountry "LTU"]
[SourceTitle "CBM 221 Extra"]
[Source "ChessBase"]
[SourceDate "2024.09.30"]
[SourceVersion "1"]
[SourceVersionDate "2024.09.30"]
[SourceQuality "1"]

1. e4 c5 2. c3 g6 3. d4 cxd4 4. cxd4 d5 5. e5 Nc6 6. Nf3 Nh6 7. Nc3 Bg4 8. Be2 Nf5 9. Be3 e6 10. Qd2 Bg7 11. Ng5 Bxe2 12. Nxe2 Qb6 13. 0-0 0-0 14. Rac1 Rac8 15. Rc3 Rfe8 16. g4 Nfe7 17. Nf3 f6 18. Bh6 f5 19. Bxg7 Kxg7 20. Qg5 Rf8 21. Nf4 Kh8 22. Nxe6 Rf7 23. Qh4 Ng8 24. Nfg5 Re7 25. Nf4 h6 26. Nxg6+ Kg7 27. Nxe7 Ngxe7 28. Ne6+ Kf7 29. Qf6+ Ke8 30. Ng7+ 1-0

[Event "Plunge op-A 43rd"]
[White "Maurutyte, Laura"]
[Black "Juskaitis, Skomantas"]
[Site "Plateliai"]
[Round "4"]
[Result "1/2-1/2"]
[Date "2024.07.17"]
[WhiteElo "1592"]
[BlackElo "1610"]
[PlyCount "30"]
[EventDate "2024.07.15"]
[EventType "swiss"]
[EventRounds "9"]
[EventCountry "LTU"]
[SourceTitle "CBM 221 Extra"]
[Source "ChessBase"]
[SourceDate "2024.09.30"]
[SourceVersion "1"]
[SourceVersionDate "2024.09.30"]
[SourceQuality "1"]

1. d4 d5 2. c4 e6 3. Nc3 a6 4. e3 Nf6 5. Nf3 Be7 6. Be2 dxc4 7. Bxc4 b5 8. Bd3 Bb7 9. a3 Nbd7 10. b4 Nb6 11. Be2 0-0 12. 0-0 Bd6 13. Nd2 Nfd5 14. Nxd5 Nxd5 15. Bf3 Rb8 1/2-1/2

[Event "Plunge op-A 43rd"]
[White "Maurutyte, Laura"]
[Black "Griksaite, Egle"]
[Site "Plateliai"]
[Round "2"]
[Result "1-0"]
[Date "2024.07.16"]
[WhiteElo "1592"]
[BlackElo "1690"]
[PlyCount "119"]
[EventDate "2024.07.15"]
[EventType "swiss"]
[EventRounds "9"]
[EventCountry "LTU"]
[SourceTitle "CBM 221 Extra"]
[Source "ChessBase"]
[SourceDate "2024.09.30"]
[SourceVersion "1"]
[SourceVersionDate "2024.09.30"]
[SourceQuality "1"]

1. d4 d6 2. c4 Nf6 3. Nc3 c6 4. e4 Qa5 5. Bd3 e5 6. d5 Nbd7 7. Be3 Be7 8. h3 a6 9. a4 Nc5 10. Bxc5 Qxc5 11. Nf3 Rb8 12. a5 Bd8 13. Qa4 Bd7 14. Qa3 Qxa3 15. Rxa3 0-0 16. 0-0 Be7 17. Raa1 Rfc8 18. Rfc1 b5 19. axb6 Rxb6 20. Rc2 c5 21. Nd2 Rcb8 22. b3 Nh5 23. Rca2 Bc8 24. Bc2 g6 25. Bd1 Nf4 26. Na4 R6b7 27. Nc3 Rc7 28. Bc2 f5 29. f3 Bg5 30. Nf1 Rf7 31. Re1 Nh5 32. Rd1 Bb7 33. Ne2 fxe4 34. Bxe4 Rbf8 35. Neg3 Nf4 36. Bb1 Kg7 37. Ne4 Be7 38. Nfg3 Bc8 39. Ne2 h5 40. Nxf4 Rxf4 41. Bd3 g5 42. Nf2 g4 43. hxg4 hxg4 44. Nxg4 Bxg4 45. fxg4 Rxg4 46. Rxa6 Rgf4 47. Rf1 Rxf1+ 48. Bxf1 Rb8 49. Ra3 e4 50. Kf2 Kf6 51. g4 Ke5 52. Kg3 Rf8 53. Be2 Bg5 54. Ra1 Bf4+ 55. Kg2 Rb8 56. Bd1 e3 57. Ra7 Re8 58. Kf3 Bg5 59. Rf7 Kd4 60. Rf5 1-0

[Event "Plunge op-A 43rd"]
[White "Narmontas, Raimondas"]
[Black "Maurutyte, Laura"]
[Site "Plateliai"]
[Round "3"]
[Result "1-0"]
[Date "2024.07.16"]
[WhiteElo "1965"]
[BlackElo "1592"]
[PlyCount "61"]
[EventDate "2024.07.15"]
[EventType "swiss"]
[EventRounds "9"]
[EventCountry "LTU"]
[SourceTitle "CBM 221 Extra"]
[Source "ChessBase"]
[SourceDate "2024.09.30"]
[SourceVersion "1"]
[SourceVersionDate "2024.09.30"]
[SourceQuality "1"]

1. e4 c5 2. c4 d6 3. Nc3 Nf6 4. d3 e5 5. f4 Nc6 6. Nf3 Bg4 7. Be2 Bxf3 8. Bxf3 Be7 9. 0-0 0-0 10. Qe1 Nd7 11. Qg3 exf4 12. Bxf4 Nde5 13. Nd5 Bh4 14. Qh3 Nxd3 15. Bd2 Nde5 16. b3 Bg5 17. Bc3 Ne7 18. Rad1 Nxd5 19. Rxd5 Qe7 20. Be2 Ng6 21. Qf5 f6 22. Rd3 Rfe8 23. Qd5+ Kh8 24. Qxd6 Qxe4 25. Bf3 Qe7 26. Qxe7 Rxe7 27. Rfd1 Rae8 28. Rd8 b6 29. Bc6 Rg8 30. Rxg8+ Kxg8 31. Rd8+ 1-0

[Event "Plunge op-A 43rd"]
[White "Spevak, Dovydas"]
[Black "Maurutyte, Laura"]
[Site "Plateliai"]
[Round "1"]
[Result "1/2-1/2"]
[Date "2024.07.15"]
[WhiteElo "1854"]
[BlackElo "1592"]
[PlyCount "55"]
[EventDate "2024.07.15"]
[EventType "swiss"]
[EventRounds "9"]
[EventCountry "LTU"]
[SourceTitle "CBM 221 Extra"]
[Source "ChessBase"]
[SourceDate "2024.09.30"]
[SourceVersion "1"]
[SourceVersionDate "2024.09.30"]
[SourceQuality "1"]

1. d4 Nf6 2. c4 e6 3. Nc3 d5 4. cxd5 exd5 5. Bg5 Be7 6. e3 0-0 7. Bd3 c6 8. Nge2 Bg4 9. 0-0 Bh5 10. Qc2 Bg6 11. Bxg6 hxg6 12. Rae1 Nbd7 13. Ng3 Nb6 14. Qd3 Re8 15. Rb1 Nh7 16. Bxe7 Rxe7 17. f3 Qd6 18. e4 dxe4 19. fxe4 Rd8 20. Rbd1 Qb4 21. Rf2 Red7 22. Nge2 Nf6 23. b3 Re8 24. Ng3 Red8 25. Nge2 Re8 26. Ng3 Red8 27. Nge2 Re8 28. Ng3 1/2-1/2

[Event "Plunge op-B 42nd"]
[White "Macieza, Dominykas1"]
[Black "Maurutyte, Laura"]
[Site "Plateliai"]
[Round "8"]
[Result "1-0"]
[Date "2023.07.22"]
[WhiteElo "1038"]
[BlackElo "1267"]
[PlyCount "57"]
[EventDate "2023.07.17"]
[EventType "swiss"]
[EventRounds "9"]
[EventCountry "LTU"]
[SourceTitle "CBM 215 Extra"]
[Source "ChessBase"]
[SourceDate "2023.09.30"]
[SourceVersion "1"]
[SourceVersionDate "2023.09.30"]
[SourceQuality "1"]

1. d4 d5 2. c4 e6 3. Nc3 c5 4. Bf4 cxd4 5. Qxd4 Nc6 6. Qd1 Bb4 7. e3 Qa5 8. Nge2 Nf6 9. a3 Bxc3+ 10. Nxc3 Ne4 11. Rc1 Nxc3 12. Rxc3 0-0 13. b4 Qd8 14. cxd5 Qf6 15. Rc1 Rd8 16. Qc2 exd5 17. Bd3 h6 18. Bg3 Ne5 19. 0-0 Nxd3 20. Qxd3 b6 21. Rc7 Qe6 22. Rfc1 Qe8 23. Bh4 f6 24. Bxf6 Rd7 25. Bd4 Qf7 26. Rxc8+ Rd8 27. Rxa8 Rxa8 28. Be5 Qe6 29. Qd4 1-0

[Event "Plunge op-B 42nd"]
[White "Gudaitis, Elijas"]
[Black "Maurutyte, Laura"]
[Site "Plateliai"]
[Round "6"]
[Result "0-1"]
[Date "2023.07.20"]
[WhiteElo "1077"]
[BlackElo "1267"]
[PlyCount "84"]
[EventDate "2023.07.17"]
[EventType "swiss"]
[EventRounds "9"]
[EventCountry "LTU"]
[SourceTitle "CBM 215 Extra"]
[Source "ChessBase"]
[SourceDate "2023.09.30"]
[SourceVersion "1"]
[SourceVersionDate "2023.09.30"]
[SourceQuality "1"]

1. d4 Nf6 2. Bf4 d5 3. Nf3 c5 4. c3 e6 5. Nbd2 Bd6 6. Bg3 Qc7 7. e3 Nbd7 8. Bd3 0-0 9. 0-0 Bxg3 10. fxg3 e5 11. e4 Re8 12. dxe5 Nxe5 13. Nxe5 Qxe5 14. Nf3 Qh5 15. exd5 Qxd5 16. Bb5 Rd8 17. Qxd5 Nxd5 18. Ng5 f6 19. Ne4 Nc7 20. Ba4 Na6 21. Rad1 Be6 22. Rde1 Bf7 23. g4 Bg6 24. Ng3 Rd2 25. Rf2 Rad8 26. Rfe2 h6 27. Nf5 Bf7 28. Ne7+ Kf8 29. Nf5 Nb8 30. Ne7 a6 31. h4 b5 32. Bb3 Rxe2 33. Rxe2 Re8 34. Bc2 Rxe7 35. Rf2 Re5 36. Rd2 Ke7 37. h5 Be6 38. Bd1 Rd5 39. Rxd5 Bxd5 40. a3 Kd6 41. Kf2 Ke5 42. Ke3 Bxg2 0-1

[Event "Plunge op-B 42nd"]
[White "Maurutyte, Laura"]
[Black "Narusis, Zygimantas"]
[Site "Plateliai"]
[Round "2"]
[Result "1/2-1/2"]
[Date "2023.07.18"]
[WhiteElo "1267"]
[BlackElo "1101"]
[PlyCount "70"]
[EventDate "2023.07.17"]
[EventType "swiss"]
[EventRounds "9"]
[EventCountry "LTU"]
[SourceTitle "CBM 215 Extra"]
[Source "ChessBase"]
[SourceDate "2023.09.30"]
[SourceVersion "1"]
[SourceVersionDate "2023.09.30"]
[SourceQuality "1"]

1. d4 Nf6 2. c4 e6 3. Nc3 d5 4. Bf4 c5 5. e3 Nc6 6. Nf3 a6 7. cxd5 exd5 8. Bg5 Be6 9. Be2 h6 10. Bh4 cxd4 11. Nxd4 Nxd4 12. Qxd4 Be7 13. 0-0 0-0 14. Bf3 Qa5 15. a3 Rac8 16. Rfd1 Rfd8 17. Bg3 Bc5 18. Qa4 Bb6 19. Qxa5 Bxa5 20. Ne2 b5 21. Nf4 Bc7 22. Rd2 Bxf4 23. Bxf4 Bf5 24. Be5 Ne4 25. Bxe4 Bxe4 26. f3 Bg6 27. Rad1 Bc2 28. Rc1 Bb3 29. Rc3 Rxc3 30. Bxc3 Re8 31. Kf2 Kh7 32. Rd4 Re6 33. Rf4 f6 34. Rd4 Kg6 35. Ke2 Kf7 1/2-1/2

[Event "Plunge op-B 41st"]
[White "Zalimas, Ugnius"]
[Black "Maurutyte, Laura"]
[Site "Plateliai"]
[Round "5"]
[Result "0-1"]
[Date "2022.07.21"]
[WhiteElo "1316"]
[BlackElo "1228"]
[PlyCount "96"]
[EventDate "2022.07.18"]
[EventType "swiss"]
[EventRounds "9"]
[EventCountry "LTU"]
[SourceTitle "CBM 209 Extra"]
[Source "ChessBase"]
[SourceDate "2022.09.30"]
[SourceVersion "1"]
[SourceVersionDate "2022.09.30"]
[SourceQuality "1"]

1. e4 c5 2. Nf3 e6 3. Nc3 Nf6 4. d4 cxd4 5. Nxd4 Nc6 6. Bb5 Bb4 7. Bg5 h6 8. Bh4 Be7 9. 0-0 0-0 10. Kh1 Nh7 11. Bxe7 Nxe7 12. Qd2 b6 13. f4 Bb7 14. f5 exf5 15. exf5 Nf6 16. Rae1 Rc8 17. Re3 Ned5 18. Nxd5 Bxd5 19. Ne2 Qc7 20. c3 Qb7 21. Nf4 Bxa2 22. Rg3 Ne4 23. Qe3 Nxg3+ 24. Qxg3 Kh8 25. f6 Rg8 26. Qh4 Bd5 27. Re1 Be6 28. Re3 Bc4 29. Ba4 Rge8 30. fxg7+ Kxg7 31. Rg3+ Kf8 32. Qxh6+ Ke7 33. Qh4+ Kd6 34. Nd3 Qe4 35. Qh6+ Re6 36. Qd2 Kc7 37. h3 Bxd3 38. Rxd3 Qxa4 39. b3 Qb5 40. c4 Qc6 41. b4 a6 42. Rd5 Rce8 43. Qf4+ Kc8 44. Qf3 Qc7 45. Kg1 Re1+ 46. Kf2 R8e2+ 47. Qxe2 Rxe2+ 48. Kxe2 Qxc4+ 0-1